000
00295nam a22001337a 4500
008
170609b xxu||||| |||| 00| 0 eng d
020
_a
9780896086739
041
_a
eng
080
_a
32
100
_a
19
101
_a
SHP
245
_a
GLOBAL AIDS: MYTHS AND FACTS
_c
IRWIN, A
942
_2
udc
_c
BK
999
_c
16750
_d
16750